| 000 | 00879nam a2200325 a 4500 | ||
|---|---|---|---|
| 003 | AR-BaBNM | ||
| 005 | 20251128202711.0 | ||
| 008 | 082120s2002 ||||||||||||||000 | spa|| | ||
| 020 | _a84-7100-459-3 | ||
| 040 | _cAR-BaBNM | ||
| 100 | 1 | _aAspinwall, Bernard | |
| 245 | 0 | 0 |
_aEl Reino Unido y América _binfluencia religiosa |
| 250 | _a1ª ed. | ||
| 260 |
_aMadrid _bMapfre _c1992 |
||
| 300 |
_a488 p. _bmapas. |
||
| 490 | 0 |
_aEuropa y América _vv. 6 |
|
| 504 | _aBibliografía: p. 377-464 | ||
| 650 | 4 | _aHISTORIA DE LAS RELIGIONES | |
| 650 | 4 | _aRELIGION | |
| 650 | 4 | _aPROTESTANTISMO | |
| 650 | 4 | _aCRISTIANISMO | |
| 650 | 4 | _aCATOLICISMO | |
| 650 | 4 | _aESCLAVITUD | |
| 651 | 4 | _aReino Unido | |
| 651 | 4 | _aEstados Unidos | |
| 700 | 1 |
_aPardo de Santayana Díez, Jesús _etraductor |
|
| 800 | 1 |
_aGallego, José Andrés _ecoordinador |
|
| 942 | _cBK | ||
| 998 | _cmariana | ||
| 999 |
_c179 _d179 |
||